<?xml version='1.0' encoding='UTF-8'?><?xml-stylesheet href='static/style.xsl' type='text/xsl'?><OAI-PMH xmlns="http://www.openarchives.org/OAI/2.0/" xmlns:xsi="http://www.w3.org/2001/XMLSchema-instance" xsi:schemaLocation="http://www.openarchives.org/OAI/2.0/ http://www.openarchives.org/OAI/2.0/OAI-PMH.xsd"><responseDate>2026-04-15T18:32:05Z</responseDate><request verb="GetRecord" identifier="oai:ebiltegia.mondragon.edu:20.500.11984/6680" metadataPrefix="marc">https://ebiltegia.mondragon.edu/oai/request</request><GetRecord><record><header><identifier>oai:ebiltegia.mondragon.edu:20.500.11984/6680</identifier><datestamp>2024-10-24T06:15:29Z</datestamp><setSpec>com_20.500.11984_473</setSpec><setSpec>col_20.500.11984_478</setSpec></header><metadata><record xmlns="http://www.loc.gov/MARC21/slim" xmlns:dcterms="http://purl.org/dc/terms/" xmlns:xsi="http://www.w3.org/2001/XMLSchema-instance" xmlns:doc="http://www.lyncode.com/xoai" xsi:schemaLocation="http://www.loc.gov/MARC21/slim http://www.loc.gov/standards/marcxml/schema/MARC21slim.xsd">
   <leader>00925njm 22002777a 4500</leader>
   <datafield ind2=" " ind1=" " tag="042">
      <subfield code="a">dc</subfield>
   </datafield>
   <datafield ind2=" " ind1=" " tag="720">
      <subfield code="a">Soto-Gordoa, Myriam</subfield>
      <subfield code="e">author</subfield>
   </datafield>
   <datafield ind2=" " ind1=" " tag="260">
      <subfield code="c">2024</subfield>
   </datafield>
   <datafield ind2=" " ind1=" " tag="520">
      <subfield code="a">Background:&#xd;
Antipsychotics are widely used in the elderly due to the high prevalence of neuropsychiatric associated with dementia.&#xd;
&#xd;
Objective:&#xd;
To analyze potential disparities in antipsychotic use in the general population of Gipuzkoa by socioeconomic status (SES) and diagnosis of Alzheimer’s disease and related dementia (ADRD) adjusting for somatic and psychiatric comorbidities, age, and sex.&#xd;
&#xd;
Methods:&#xd;
A retrospective observational study was carried out in all the 221,777 individuals over 60 years of age (Gipuzkoa, Spain) to collect diagnosis of ADRD, the Charlson Comorbidity Index, and psychiatric comorbidities considering all primary, outpatient, emergency and inpatient care episodes and first- and second-generation antipsychotics, and sociodemographic variables, namely, age, sex, SES and living in a nursing home. Logistic regression was used for multivariate statisticalanalysis.&#xd;
&#xd;
Results:&#xd;
Use of any antipsychotic was greater in women, individuals over 80 years old, living in a nursing home, with a diagnosis of dementia, somatic and psychiatric comorbidities, and low SES. Quetiapine was the most used drug. The likelihood of any antipsychotic use was significantly associated with low SES (odds ratio [OR]: 1.60; confidence interval [CI]: 1.52–1.68), age over 80 years (OR: 1.56; CI: 1.47–1.65), institutionalization (OR: 12.61; CI: 11.64–13.65), diagnosis of dementia (OR: 10.18; CI: 9.55–10.85) and the comorbidities of depression (OR: 3.79; CI: 3.58–4.01) and psychosis (OR: 4.96; CI: 4.64–5.30).&#xd;
&#xd;
Conclusions:&#xd;
The greater levels of antipsychotic use and institutionalization in people of low SES indicate inequity in the management of neuropsychiatric symptoms. Increasing the offer of non-pharmacological treatments in the health system might help reduce inequity.</subfield>
   </datafield>
   <datafield ind1="8" ind2=" " tag="024">
      <subfield code="a">1387-2877</subfield>
   </datafield>
   <datafield ind1="8" ind2=" " tag="024">
      <subfield code="a">https://katalogoa.mondragon.edu/janium-bin/janium_login_opac.pl?find&amp;ficha_no=178008</subfield>
   </datafield>
   <datafield ind1="8" ind2=" " tag="024">
      <subfield code="a">https://hdl.handle.net/20.500.11984/6680</subfield>
   </datafield>
   <datafield tag="653" ind2=" " ind1=" ">
      <subfield code="a">Alzheimer’s disease</subfield>
   </datafield>
   <datafield tag="653" ind2=" " ind1=" ">
      <subfield code="a">antipsychotics agents</subfield>
   </datafield>
   <datafield tag="653" ind2=" " ind1=" ">
      <subfield code="a">Comorbidity</subfield>
   </datafield>
   <datafield tag="653" ind2=" " ind1=" ">
      <subfield code="a">dementia</subfield>
   </datafield>
   <datafield tag="653" ind2=" " ind1=" ">
      <subfield code="a">disparities</subfield>
   </datafield>
   <datafield tag="653" ind2=" " ind1=" ">
      <subfield code="a">nursing home</subfield>
   </datafield>
   <datafield tag="653" ind2=" " ind1=" ">
      <subfield code="a">quetiapine fumarate</subfield>
   </datafield>
   <datafield tag="653" ind2=" " ind1=" ">
      <subfield code="a">Social inequality</subfield>
   </datafield>
   <datafield tag="653" ind2=" " ind1=" ">
      <subfield code="a">ODS 3 Salud y bienestar</subfield>
   </datafield>
   <datafield ind2="0" ind1="0" tag="245">
      <subfield code="a">Disparities by socioeconomic status and diagnosis of dementia in the prescribing of antipsychotics in a real-World data population over 60 years of age</subfield>
   </datafield>
</record></metadata></record></GetRecord></OAI-PMH>